000 00944nam a2200253Ia 4500
001 10538
003 GE_BSU
008 181216s||||||||xx |||||||||||||| ||und||
020 _a5060042847
040 _cGE_BSU
080 _a69.05(075.8)
100 _aჟორდანია,თ.ლოლაძე,ვ. ნიჟარაძე,გ და სხვ.
245 _aსამშენებლო წარმოების ტექნოლოგია
245 _bსახელმძღვანელო
245 _cთ,ჟორდანიას საერთო რედაქციით
260 _aთბილისი
260 _bსაქართველოს ტექ. უნ-ტი
260 _c2006
300 _a330გვ;29სმ.
300 _eნახ;
541 _h30ლ
653 _aსამშენებლო წარმოების ტექნოლოგია
942 _cBK
999 _c43793
_d43793